000 00751nam a2200217 a 4500
001 38231
003 BD-RjUL
005 20211209052744.0
008 151011s1981 bg ||||| |||| 00| 0 ben d
035 _a(BD-RjUL)38336
040 _aBD-RjUL
_bben
_cBD-RjUL
041 _aben
082 _a792.80954
_bABN 1981
100 1 _aআবদুল্লাহ, আবি
_9118213
245 1 _aনৃত্য ভাষা সংস্কৃতি /
_cআবি আবদুল্লাহ
260 _aঢাকা :
_bশাফা প্রকাশনী,
_c১৯৮১
300 _a১৬৮ পৃ. :
_bচিত্র;
_c২৩ সেমি.
650 _aনৃত্য
_xভারত
_9118216
650 _aDance
_9118215
_zIndia
942 _2ddc
_cBK
999 _c38231
_d38231